Partidos políticos de América Latina: Cono Sur

I tiakina i:
Ngā taipitopito rārangi puna kōrero
Ngā kaituhi matua: Alcántara Sáez, Manuel (Author), Freidenberg, Flavia Daniela (Author)
Hōputu: Pukapuka
Reo:Pāniora
I whakaputaina: Ciudad de México Instituto Federal Electoral 2003
Putanga:1a. ed
Rangatū:Política y Derecho
Ngā marau:
Ngā Tūtohu: Tāpirihia he Tūtohu
Kāore He Tūtohu, Me noho koe te mea tuatahi ki te tūtohu i tēnei pūkete!

MARC

LEADER 00000cam a2200000 a 4500
001 UCL7690
003 CL-VaPUC
008 040528e20030000MX |||||||||||||||||spa|d
020 |a 9681668669 
082 0 4 |a 324.28  |b ALC  |2 21 
100 0 |a Alcántara Sáez, Manuel  |e author  |9 485546 
700 0 |a Freidenberg, Flavia Daniela  |e author  |9 485547 
245 1 0 |a Partidos políticos de América Latina: Cono Sur 
250 |a 1a. ed 
300 |a 624 p 
942 |c BK 
945 |d 20040528 00:00:00  |a cmena 
260 |a Ciudad de México  |b Instituto Federal Electoral  |c 2003 
650 0 |a Partidos políticos  |9 254999 
650 0 |a Historia política  |9 256974 
651 0 |a América Latina   |9 255027 
651 0 |a Argentina  |9 254888 
651 0 |a Brasil  |9 267393 
651 7 |a CHILE  |2 CL-VaPUC  |9 485548 
651 0 |a Paraguay  |9 255336 
651 0 |a Uruguay  |9 255194 
583 |a last modification  |c 20190710 06:48:51  |k Rodrigo Vera 
490 0 |a Política y Derecho 
999 |c 309315  |d 309313 
952 |0 0  |1 0  |4 0  |6 324_280000000000000_ALC_2003  |7 0  |8 A  |9 376736  |a BIBHIS  |b BIBHIS  |d 2019-11-21  |i 4021029  |o 324.28 ALC 2003  |p 4021029  |r 2025-01-20  |w 2019-11-21  |y BK  |k HIS 
952 |0 0  |1 0  |3 erb  |4 0  |6 324_280000000000000_ALC_2003  |7 0  |8 A  |9 376737  |a BIBHIS  |b BIBHIS  |i 5546486  |o 324.28 ALC 2003  |p 5546486  |r 2025-01-20  |w 2019-11-21  |y BK  |z Catalogado en:20190510  |k HIS